000 00463nam a2200181Ia 4500
003 OSt
005 20260327095250.0
008 211028s2009 xx 000 0 und d
040 _cAIMIT LIBRARY
041 _aeng
082 _a658.8 MATM
100 _aMathew, Midhun K;Girish M.
_g716026
_96103
245 _aFinancial analysis of IDBI Bank ltd /
260 _bGirish M
_c2009
600 _aMarketing
_96104
650 _aMarketing
_96105
942 _2ddc
_cPRO
999 _c218126
_d218126